Fundamentals of Programming Languages (Record no. 1310)

MARC details
000 -LEADER
fixed length control field 00373nam a2200157Ia 4500
008 - FIXED-LENGTH DATA ELEMENTS--GENERAL INFORMATION
fixed length control field 221030s9999 xx 000 0 und d
041 ## - LANGUAGE CODE
Language code of text/sound track or separate title
082 ## - DEWEY DECIMAL CLASSIFICATION NUMBER
Classification number 105.23
Item number Hor
100 ## - MAIN ENTRY--AUTHOR NAME
Personal name E. Horowitz
245 #0 - TITLE STATEMENT
Title Fundamentals of Programming Languages
250 ## - EDITION STATEMENT
Edition statement 2nd
260 ## - PUBLICATION, DISTRIBUTION, ETC. (IMPRINT)
Name of publisher Galgotia Pub
Place of publication New Delhi
Year of publication 2001
300 ## - PHYSICAL DESCRIPTION
Number of Pages 446
650 ## - SUBJECT ADDED ENTRY--TOPICAL TERM
Topical Term BE Computer
942 ## - ADDED ENTRY ELEMENTS (KOHA)
Koha item type Books
Holdings
Accession Number Cost, normal purchase price Full call number Price effective from Koha item type Withdrawn / writtenoff status Materials specified (bound volume or other part) Damaged status Not for loan Permanent Location Current Location Shelving location Date acquired Lost/ Missing status department
BE 4710 200.00 105.23 Hor 10/30/2022 Books   Print     MIET Library, Jammu MIET Library, Jammu BL-Academic Block C, FL-2, CUP-91, SH-2, R-2 01/14/2002   BE
BE 4714 200.00 105.23 Hor 10/30/2022 Books   Print     MIET Library, Jammu MIET Library, Jammu BL-Academic Block C, FL-2, CUP-91, SH-2, R-2 01/14/2002   BE
BE 4712 200.00 105.23 Hor 10/30/2022 Books   Print     MIET Library, Jammu MIET Library, Jammu BL-Academic Block C, FL-2, CUP-91, SH-2, R-2 01/14/2002   BE
BE 4711 200.00 105.23 Hor 10/30/2022 Books   Print     MIET Library, Jammu MIET Library, Jammu BL-Academic Block C, FL-2, CUP-91, SH-2, R-2 01/14/2002   BE
BE 4713 200.00 105.23 Hor 10/30/2022 Books   Print     MIET Library, Jammu MIET Library, Jammu BL-Academic Block C, FL-2, CUP-91, SH-2, R-2 01/14/2002   BE